Abkhazian Ethnic Group Quiz - Statistics

General Stats
  • This quiz has been taken 34 times
  • The average score is 5 of 12
Answer Stats
Hint Answer % Correct
Country that Claims Sovereignty over the Above as a Autonomous Region Georgia
97%
Native Country of Abkhazians of Disputed Sovereignty Abkhazia
93%
Major religions practiced among Abkhazians Abkhazian Orthodox Christianity
77%
Major religions practiced among Abkhazians Sunni Islam
73%
Country with the largest diaspora of Abkhazians (by decent) Turkey
73%
Region part of both Europe and Asia where Abkhazians originate from Caucasus
70%
The language family from which the Abkhazian language is a part of Northwest Caucasian
33%
Major subgroups of the Abkhazian Abzhui
0%
Major subgroups of the Abkhazian Bzyb
0%
Abkhazians are known for this trait related to their health Long Lives
0%
Major subgroups of the Abkhazian Samurzakan
0%
First elected president of Abkhazia Sergei Bagapsh
0%
No matching quizzes found
Score Distribution
Percent of People with Each Score
Percentile by Number Answered
Your Score History
You have not taken this quiz